Khảo cứu văn hóa dân gian làng cổ Đông Phù

محفوظ في:
التفاصيل البيبلوغرافية
المؤلف الرئيسي: Nguyễn Quang Lê
التنسيق: غير معروف
منشور في: 2011
الوسوم: إضافة وسم
لا توجد وسوم, كن أول من يضع وسما على هذه التسجيلة!
Thư viện lưu trữ: Mạng thư viện Đại học Đà Nẵng
LEADER 00733na a2200217 4500
001 000032732
003 8853
005 20151002110556.0
008 151002s2011 000
082 |a 398.9 
100 |a Nguyễn Quang Lê 
245 |a Khảo cứu văn hóa dân gian làng cổ Đông Phù  |c Nguyễn Quang Lê 
260 |c 2011 
OWN |a LNN 
AVA |a UDN50  |b LNN  |d 398.9  |e available  |t Error 5001 Not defined in file expand_doc_bib_avail.  |f 1  |g 0  |h N  |i 0  |k 1 
999 |a From the UDN01 
AVA |a UDN50  |b LNN  |d 398.9  |e available  |t Error 5001 Not defined in file expand_doc_bib_avail.  |f 1  |g 0  |h N  |i 0  |k 1 
TYP |a Printed language 
980 |a Mạng thư viện Đại học Đà Nẵng